La Liga: 25+ Assists (2000-) - Statistics

General Stats
  • This quiz has been taken 22 times
  • The average score is 65 of 143
Answer Stats
Ranking Player Positions Nationality Matches Goals (assists) Periods Clubs % Correct
14 Andrés Iniesta MF 442 35 (65) 2002-2018
100%
6 Antoine Griezmann MF, FW 530 198 (84) 2010-2025
100%
7 Cristiano Ronaldo MF, FW 292 311 (83) 2009-2018
100%
79 Denis Suárez MF, FW 252 15 (34) 2014-2025
100%
15 Ivan Rakitić MF 438 61 (65) 2010-2024
100%
2 Karim Benzema FW 439 238 (106) 2009-2023
100%
1 Lionel Messi MF, FW 519 474 (191) 2004-2021
100%
11 Luis Suárez FW 258 178 (73) 2014-2022
100%
19 Luka Modrić MF 394 30 (63) 2012-2025
100%
12 Toni Kroos MF 306 22 (69) 2014-2024
100%
3 Xavi MF 464 57 (105) 2000-2015
100%
30 Ángel Di María MF, FW 124 22 (50) 2010-2014
94%
4 Dani Alves DF, MF 435 26 (96) 2002-2015, 2021-2022
94%
10 Daniel Parejo MF 526 77 (79) 2008-2025
94%
8 Koke MF 485 38 (83) 2009-2025
94%
37 Mesut Özil MF, FW 105 19 (47) 2010-2014
94%
39 David Villa MF, FW 352 185 (46) 2003-2014
88%
23 Marcelo DF, MF 386 26 (57) 2006-2022
88%
85 Gonzalo Higuaín MF, FW 190 107 (33) 2006-2013
82%
17 Iago Aspas MF, FW 387 165 (64) 2012-2013, 2014-2025
82%
40 Iñaki Williams MF, FW 377 82 (46) 2014-2025
82%
18 Isco MF, FW 382 68 (63) 2010-2025
82%
71 Javier de Pedro MF 102 15 (35) 2000-2004
82%
9 Jesús Navas DF, FW 518 26 (82) 2003-2012, 2017-2025
82%
5 Joaquín MF, FW 623 77 (95) 2001-2012, 2015-2023
82%
13 Jordi Alba DF, MF 387 22 (67) 2009-2023
82%
29 Luís Figo MF, FW 164 36 (51) 2000-2005
82%
75 Pedro MF, FW 204 58 (35) 2007-2015
82%
45 Raúl FW 334 129 (43) 2000-2010
82%
84 David Beckham MF 116 13 (33) 2003-2007
76%
57 David Silva MF, FW 227 31 (38) 2005-2009, 2020-2023
76%
129 Fernando Torres FW 281 103 (26) 2002-2006, 2014-2018
76%
108 James Rodríguez MF, FW 91 29 (28) 2014-2016, 2019-2020, 2024-2025
76%
123 Maxi Rodríguez MF, FW 225 57 (27) 2002-2010
76%
74 Neymar MF, FW 123 68 (35) 2013-2017
76%
48 Samuel Eto'o FW 264 155 (41) 2000-2009
76%
90 Sergio Busquets MF 481 10 (32) 2008-2023
76%
143 Sergio Ramos DF 536 77 (25) 2003-2020, 2023-2024
76%
67 Vicente Rodríguez MF, FW 242 37 (36) 2000-2011
76%
88 Dani Carvajal DF 286 10 (32) 2013-2025
71%
52 Gareth Bale MF, FW 176 81 (40) 2013-2019, 2021-2022
71%
31 Guti MF, FW 291 37 (49) 2000-2010
71%
81 Ousmane Dembélé MF, FW 127 24 (34) 2017-2023
71%
65 Roberto Carlos DF 228 31 (37) 2000-2007
71%
61 Ronaldinho MF, FW 145 70 (38) 2003-2008
71%
47 Ángel Correa MF, FW 335 68 (41) 2015-2025
65%
38 Aritz Aduriz FW 443 158 (46) 2002-2003, 2005-2020
65%
92 Diego Forlán MF, FW 240 127 (31) 2004-2011
65%
104 Marco Asensio MF, FW 225 41 (29) 2015-2023
65%
42 Mikel Oyarzabal MF, FW 315 85 (44) 2015-2025
65%
49 Víctor Sánchez MF 173 25 (41) 2000-2006
65%
68 Vinicius Júnior MF, FW 206 61 (36) 2018-2025
65%
73 Juan Román Riquelme MF 136 39 (35) 2002-2007
59%
112 Rodrygo MF, FW 172 32 (28) 2019-2025
59%
114 Xabi Alonso MF 274 13 (28) 2000-2003, 2009-2014
59%
97 Yannick Carrasco DF, MF, FW 198 37 (31) 2015-2017, 2019-2024
59%
63 Zinédine Zidane MF 155 37 (38) 2001-2006
59%
89 Deco MF 113 13 (32) 2004-2008
53%
58 Gerard Moreno MF, FW 321 121 (38) 2014-2025
53%
66 Iker Muniain MF, FW 434 56 (36) 2009-2024
53%
44 Luis García MF, FW 329 73 (43) 2003-2012
53%
109 Marcos Llorente DF, MF, FW 241 24 (28) 2015-2025
53%
141 Raphinha MF, FW 100 31 (25) 2022-2025
53%
35 Raúl García MF, FW 609 111 (48) 2004-2024
53%
125 Rubén García MF, FW 311 30 (27) 2012-2015, 2019-2025
53%
142 Saúl Ñíguez DF, MF 353 33 (25) 2012-2025
53%
20 Sergio García MF, FW 360 75 (62) 2003-2008, 2010-2014, 2017-2019
53%
96 Sergi Roberto DF, MF 245 12 (31) 2010-2024
53%
69 Álvaro Negredo FW 361 127 (35) 2007-2012, 2014-2015, 2020-2024
47%
77 Andrés Guardado DF, MF, FW 327 17 (34) 2007-2010, 2012-2013, 2017-2024
47%
107 Daniel Wass DF, MF 225 16 (28) 2015-2022
47%
100 Diego Costa FW 205 72 (29) 2009-2013, 2017-2021
47%
54 Gabi MF 424 21 (39) 2003-2007, 2009-2018
47%
56 Juanfran DF, MF 427 16 (39) 2003-2019
47%
36 Lucas Vázquez DF, MF, FW 310 29 (47) 2014-2025
47%
24 Santi Cazorla MF 323 53 (57) 2003-2011, 2018-2020
47%
33 Sergio Canales MF, FW 384 49 (49) 2008-2023
47%
83 Cesc Fàbregas MF, FW 96 28 (33) 2011-2014
41%
98 José Luis Gayà DF, MF 311 8 (30) 2013-2025
41%
60 Roberto Soldado FW 325 129 (38) 2005-2012, 2015-2016, 2019-2022
41%
133 Willian José FW 267 81 (26) 2013-2014, 2015-2024
41%
51 Carlos Vela MF, FW 252 69 (40) 2007-2008, 2011-2018
35%
64 Éver Banega MF 315 27 (37) 2007-2015, 2017-2020
35%
120 Gonçalo Guedes MF, FW 163 31 (27) 2017-2021, 2023-2024
35%
94 José Luis Morales MF, FW 312 76 (31) 2014-2015, 2017-2024
35%
86 Nolito MF, FW 243 60 (33) 2010-2011, 2012-2015, 2017-2022
35%
135 Alex Baena MF, FW 108 15 (25) 2019-2020, 2022-2025
29%
121 Ibai Gómez MF, FW 226 28 (27) 2010-2021
29%
122 Juan Mata MF, FW 129 33 (27) 2007-2011
29%
103 Lucas Pérez MF, FW 202 55 (29) 2014-2017, 2019-2023
29%
105 Moi Gómez MF, FW 324 29 (29) 2011-2012, 2013-2016, 2018-2025
29%
41 Óscar de Marcos DF, FW 435 25 (45) 2009-2025
29%
137 Filipe Luís DF 351 15 (25) 2006-2013, 2015-2019
24%
25 José Antonio Reyes MF 347 48 (55) 2001-2003, 2006-2007, 2009-2017
24%
59 Pablo Aimar MF 215 32 (38) 2000-2008
24%
111 Rodrigo MF, FW 172 38 (28) 2014-2020
24%
27 Pedro León MF, FW 346 44 (54) 2007-2021
18%
127 Albert Luque MF, FW 219 59 (26) 2000-2004, 2008-2011
12%
16 Ariel Ibagaza MF 286 26 (64) 2000-2010
12%
117 Borja Valero MF 139 17 (27) 2007-2008, 2009-2012
12%
119 David López MF 196 23 (27) 2004-2012
12%
139 Gustavo López MF, FW 173 15 (25) 2000-2003, 2005-2007
12%
80 Joseba Etxeberria MF, FW 270 48 (34) 2000-2010
12%
32 Juan Carlos Valerón MF 302 19 (49) 2000-2010, 2012-2013, 2015-2016
12%
46 Pablo Sarabia MF, FW 232 37 (42) 2011-2019
12%
22 Pedro Munitis FW 362 29 (60) 2000-2012
12%
106 Portu DF, MF, FW 278 44 (29) 2013-2014, 2017-2025
12%
113 Sávio MF 160 24 (28) 2000-2001, 2003-2008
12%
131 Sofiane Feghouli MF, FW 155 22 (26) 2010-2016
12%
76 Andoni Iraola DF, MF 406 33 (34) 2003-2015
6%
78 Beñat Etxebarria MF 251 16 (34) 2006-2007, 2011-2020
6%
118 Brais Méndez MF, FW 246 36 (27) 2017-2025
6%
50 Cani MF 341 29 (40) 2001-2002, 2003-2011, 2013-2016
6%
53 Chory Castro MF, FW 296 41 (39) 2007-2018
6%
136 Diego Castro MF, FW 226 44 (25) 2005-2006, 2008-2015
6%
26 Duda DF, FW 343 34 (54) 2001-2002, 2003-2017
6%
128 Edu MF, FW 252 61 (26) 2000-2009
6%
43 Fabián Orellana MF, FW 288 42 (43) 2009-2010, 2012-2021
6%
70 Francisco Puñal MF 420 22 (35) 2001-2014
6%
21 Francisco Yeste MF 288 51 (61) 2000-2010
6%
55 Iván de la Peña MF 184 8 (39) 2000-2001, 2002-2011
6%
93 Jonathan Viera MF, FW 155 30 (31) 2012-2013, 2015-2017, 2023-2024
6%
72 Juan Arango MF 183 46 (35) 2004-2009
6%
28 Markel Susaeta MF, FW 379 38 (52) 2007-2019
6%
140 Nihat Kahveci FW 195 75 (25) 2001-2009
6%
99 Sergi Darder MF, FW 317 26 (30) 2013-2015, 2017-2019, 2021-2025
6%
91 Simão Sabrosa MF 198 25 (32) 2000-2001, 2007-2010, 2012-2014
6%
87 Valdo MF, FW 258 34 (33) 2001-2013
6%
126 Valeri Karpin MF 171 28 (27) 2000-2005
6%
34 Xabi Prieto MF 375 53 (49) 2003-2006, 2010-2018
6%
134 Adri Embarba MF, FW 240 20 (25) 2013-2015, 2018-2019, 2021-2025
0%
115 Alejandro Campano MF 170 15 (27) 2001-2007
0%
116 Álex Berenguer DF, MF, FW 206 29 (27) 2016-2017, 2020-2025
0%
138 Francisco Rufete MF 236 19 (25) 2000-2008, 2010-2011
0%
101 Jaime Gavilán MF 203 10 (29) 2002-2003, 2005-2015
0%
102 José Campaña MF 190 10 (29) 2011-2012, 2017-2021, 2023-2025
0%
95 Pablo Piatti MF, FW 313 47 (31) 2008-2022
0%
124 Paco Alcácer FW 208 54 (27) 2011-2017, 2019-2022
0%
110 Roberto Trashorras MF 171 7 (28) 2001-2002, 2011-2016
0%
130 Rubén Pardo MF, FW 180 7 (26) 2011-2019
0%
62 Sergio MF 346 33 (38) 2000-2011
0%
82 Víctor FW 193 53 (34) 2000-2003, 2007-2009
0%
132 Víctor Casadesús FW 270 49 (26) 2004-2007, 2009-2016
0%
No matching quizzes found
Score Distribution
Percent of People with Each Score
Percentile by Number Answered
Your Score History
You have not taken this quiz